| 000 | 00845 a2200253 4500 | ||
|---|---|---|---|
| 003 | OSt | ||
| 005 | 20180116192353.0 | ||
| 008 | 120531t xxu||||| |||| 00| 0 eng d | ||
| 020 | _a9782940373772 (pbk.) | ||
| 020 | _a2940373779 (pbk.) | ||
| 040 | _c0 | ||
| 082 | _a686.2252 | ||
| 100 |
_aAmbrose, Gavin. _93180 |
||
| 245 | 1 | 0 |
_aGrids / _c Ambrose/Harris. |
| 260 |
_aLausanne : _b AVA Academia, _cc2008. |
||
| 300 |
_a176 p. : _bill. (chiefly col.) ; _c24 cm. |
||
| 490 | 0 |
_aBasics design . _v 07 |
|
| 650 | 1 | 0 |
_aGrids (Typographic design) _93181 |
| 650 | 1 | 0 |
_aNewspaper layout and typography _93182 |
| 650 | 1 | 0 |
_aGraphic design (Typography) _xAwards _zUnited States _93183 |
| 700 | 1 |
_4Harris, Paul |q (Paul Arthur), _d1971- _93184 |
|
| 942 |
_aSADA _cBK _k686.2252 AMB 2008 _2ddc |
||
| 999 |
_c353011 _d353011 |
||